Ελληνική μυθολογία 3: Ιάσονας

Αποθηκεύτηκε σε:
Λεπτομέρειες βιβλιογραφικής εγγραφής
Κύριος συγγραφέας: Τσιφόρος, Νίκος, 1909-1970
Άλλοι συγγραφείς: Παγώνης, Νίκος (Εικονογράφος), Καλή, Μάρθα (Σεναριογράφος)
Μορφή: Βιβλίο
Γλώσσα:Greek
Δημοσίευση: [Αθήνα] : Δημοσιογραφικός Οργανισμός Λαμπράκη, c2013.
Θέματα:
Ετικέτες: Προσθήκη ετικέτας
Δεν υπάρχουν, Καταχωρήστε ετικέτα πρώτοι!

MARC

LEADER 00000cam a2200000 i 4500
001 1/64831
008 150123s2013 gr | ||| |||| ||gre||
020 |a 9789605034115 
035 |l 10120664 
040 |a GR-MyUa  |b gre  |e AACR2 
041 0 |a gre 
082 7 |a 741.59495   |2 (23) 
100 1 |a Τσιφόρος, Νίκος,   |d 1909-1970. 
245 1 0 |a Ελληνική μυθολογία 3:   |b Ιάσονας /   |c Ν. Τσιφόρου ; σκίτσο Ν. Παγώνης ; σενάριο Μάρθα Καλή. 
260 |a [Αθήνα] :   |b Δημοσιογραφικός Οργανισμός Λαμπράκη,   |c c2013. 
300 |a 48 σ. :   |b έγχρ. εικ. ;   |c 28 εκ. 
500 |a Φωτογραφική αναπαραγωγή του επεισοδίου "Ιάσονας" που κυκλοφόρησε το 1987 από τα Ελληνικά Κόμικς και το οποίο προέρχεται από το βιβλίο του Νίκου Τσιφόρου Ελληνική Μυθολογία. 
500 |a Ειδική έκδ. για την εφημερίδα "Το Βήμα". 
600 0 0 |a Jason   |c (Mythological character)  |x Comic books, strips, etc. 
650 0 |a Comic books, strips, etc.  |z Greece. 
650 0 |a Mythology, Greek  |x Comic books, strips, etc. 
700 1 |a Παγώνης, Νίκος,  |e ill 
700 1 |a Καλή, Μάρθα,  |e aus 
852 |a INST  |b SYROS  |e 20150123  |h 741.59495 ΤΣΙ  |p 005500012201  |q 005500012201  |t BK  |y 0 
901 |a BIBL5-2015-1 
970 |a Κοντού  |b Παρασκευή  |z 23/02/2015